Colombia 2018 FIFA World Cup squad - Statistics

General Stats
  • This quiz has been taken 422 times
  • The average score is 15 of 24
Answer Stats
Position Answer Club % Correct
MF James Rodríguez Bayern
99%
GK David Ospina Arsenal
96%
FW Radamel Falcao Monaco
92%
GK José Fernando Cuadrado Once Caldas
89%
MF Juan Cuadrado Juventus
89%
DF Yerry Mina Barcelona
88%
DF Davinson Sánchez Tottenham
86%
MF Carlos Sánchez Fiorentina
82%
FW Carlos Bacca Villarreal
76%
MF Juan Fernando Quintero River Plate
71%
DF Cristián Zapata Milan
69%
DF Santiago Arias PSV
68%
FW Luis Muriel Sevilla
54%
GK Camilo Vargas Deportivo Cali
48%
Coach José Pékerman
48%
MF Mateus Uribe América
43%
DF Johan Mojica Girona
41%
MF Jefferson Lerma Levante
37%
MF Wílmar Barrios Boca
37%
FW Miguel Borja Palmeiras
35%
FW José Izquierdo Brighton
34%
DF Óscar Murillo Pachuca
31%
MF Abel Aguilar Deportivo Cali
29%
DF Farid Díaz Olimpia
21%
No matching quizzes found
Score Distribution
Percent of People with Each Score
Percentile by Number Answered
Your Score History
You have not taken this quiz